Chopped Mystery Ingredients (Season 1) Quiz Stats

 Plays Quiz not verified by Sporcle

Support Sporcle.
Go Orange.
Score 0/158 Timer 15:00
0 Plays Today
Meal Ingredient % Correct
EntreeChicken Thigh
80.3%
AppetizerChicken Wings
80.3%
AppetizerGranny Smith Apples
76.1%
AppetizerJumbo Shrimp
73.9%
DessertCarrot
72.6%
EntreeGround Beef
72.3%
AppetizerGround Beef
72.3%
DessertBacon
71.7%
AppetizerBeef Tenderloin
69.7%
EntreeBeef Shoulder
69.4%
EntreeCanned Tomatoes
68.8%
DessertOranges
68.2%
DessertWhite Chocolate
66.9%
EntreeTurkey Breast
66.9%
DessertSemi-Sweet Chocolate Chips
66.6%
DessertSemi-Sweet Chocolate Chips
66.6%
EntreeDuck Breast
66.2%
AppetizerBittersweet Chocolate
66.2%
EntreePork Loin
65.6%
EntreeGround Pork
65.6%
EntreeCreamed Corn
65.3%
AppetizerCanned Peaches
62.7%
DessertSlivered Almonds
62.1%
AppetizerRed Seedless Grapes
61.8%
DessertDried Strawberries
61.1%
AppetizerStrawberry
61.1%
AppetizerBanana
59.6%
EntreeDill Pickles
58.9%
EntreePearl Onions
58.9%
DessertPineapple Ring
57.6%
DessertBlueberries
57.6%
AppetizerAsian Pear
57.6%
EntreeBlue Point Oyster
57%
AppetizerSalmon
57%
DessertLemon
56.7%
AppetizerPeanut Butter
55.7%
AppetizerFrozen Peas
55.4%
AppetizerLump Crab Meat
54.8%
DessertQuick Cook Oatmeal
54.5%
EntreeGrape Jelly
53.5%
DessertStout Beer
53.5%
EntreeCola
53.5%
DessertWalnuts
53.2%
EntreeRaisins
52.5%
DessertFlour Tortilla
52.5%
AppetizerFirm Tofu
51.6%
AppetizerBaby Octopus
49.4%
DessertPecans
49%
EntreeHoney
48.7%
DessertDried Apricot
48.7%
EntreeBaby Turnip
48.4%
DessertBlack Plums
48.1%
EntreeNapa Cabbage
47.8%
Meal Ingredient % Correct
EntreeCalamari
46.5%
EntreeGinger
45.9%
DessertCrystallized Ginger
45.9%
AppetizerGinger
45.9%
AppetizerWonton Wrapper
45.5%
DessertWonton Wrapper
45.5%
DessertInstant Coffee
44.9%
AppetizerWatermelon
44.3%
AppetizerDried Shiitake Mushroom
43.9%
EntreeParsnip
43.6%
AppetizerCelery
43.6%
AppetizerCucumber
43.6%
DessertMission Fig
43.6%
DessertPrune
42.7%
DessertBeets
42.7%
EntreeMango
42.4%
DessertCream Cheese
42%
AppetizerPistachio
42%
EntreeScallop
41.4%
DessertMaple Syrup
41.4%
AppetizerPink Grapefruit
40.8%
DessertQuick Grits
40.4%
DessertPitted Dates
39.8%
DessertPhyllo Dough
39.5%
AppetizerCoconut
39.5%
DessertGrapefruit
39.5%
EntreeCoconut Flakes
39.5%
AppetizerNori Sheets
38.5%
DessertChocolate Puff Cereal
38.5%
AppetizerZucchini
37.9%
DessertBlackberry
37.9%
EntreePapaya
37.6%
EntreeBrie
35.7%
AppetizerCanned Sardines
35%
AppetizerQuail
34.7%
EntreeEggplant
34.7%
DessertCantaloupe
33.1%
EntreeAncho Chiles
32.5%
DessertAvocado
31.8%
EntreeAvocado
31.8%
AppetizerButton Mushroom
31.5%
DessertSmoked Gouda
31.5%
DessertKiwi
31.5%
EntreeStriped Bass
31.2%
AppetizerAsparagus
30.3%
EntreeAnchovies
29.9%
AppetizerBoxed Macaroni and Cheese
29.9%
EntreeSour Cream
29%
EntreeMussels
29%
AppetizerBran Cereal
28.7%
AppetizerBok Choy
28.3%
EntreePlantain
27.7%
DessertCreme Fraiche
27.7%
Meal Ingredient % Correct
DessertFrozen Pie Crust
27.4%
AppetizerArtichoke
27.4%
DessertBrioche Bread
26.4%
DessertCaramel Candy
26.4%
DessertMarshmallow Spread
25.8%
AppetizerTilapia
25.5%
DessertGoat Cheese
24.8%
EntreeArctic Char
24.5%
AppetizerSmoked Paprika
23.6%
EntreeJicama
22.9%
DessertAnimal Cracker
22.3%
DessertRoasted Chestnuts
22.3%
EntreeFingerling Potato
22.3%
DessertGinger Snaps
22%
EntreePoblanos
21.3%
DessertGorgonzola
20.7%
DessertCanadian Bacon
20.7%
DessertPlain Donut
20.7%
EntreeRainbow Chard
20.4%
EntreeCelery Root
20.1%
AppetizerChorizo
19.7%
EntreeGreen Onion
19.1%
EntreeCocktail Onion
18.2%
DessertGummy Bears
18.2%
DessertAlmond Butter
16.6%
AppetizerProsciutto
16.2%
EntreePita Bread
15.9%
AppetizerTomato Paste
15.6%
EntreeFruit Punch
15.3%
AppetizerOyster Sauce
15%
EntreeDaikon
14.6%
EntreeYuca
14.6%
AppetizerCream of Mushroom Soup
14.3%
AppetizerPepper Jack Cheese
14%
EntreeGranola
14%
AppetizerSoba Noodles
14%
AppetizerString Cheese
13.7%
EntreeCollard Green
13.4%
EntreeThai Chiles
11.8%
DessertProsecco
11.8%
AppetizerEndive
11.1%
EntreeCannellini Beans
10.8%
EntreeTahini Paste
10.5%
EntreeTamarind Paste
10.2%
EntreeKielbasa
8.6%
EntreeTarragon
8.6%
EntreePimento Peppers
8.3%
EntreeRice Cake
8.3%
AppetizerRadicchio
7.3%
EntreeWatercress
6.4%
EntreePepperoncini
5.7%
AppetizerTurbot
4.5%

You're not logged in!

Compare scores with friends on all Sporcle quizzes.
OR
Log In

From the Vault

Reverse Alphabet: Religion

by samc67

Being able to say the alphabet backward is totally useless here. Kinda neat, though.
Remove Ads.
Support Sporcle.
Get the best of Sporcle when you Go Orange. This ad-free experience offers more features, more stats, and more fun while also helping to support Sporcle. Thank you for becoming a member.

Show Comments

Extras

Top Quizzes Today


Score Distribution

Your Account Isn't Verified!

In order to create a playlist on Sporcle, you need to verify the email address you used during registration. Go to your Sporcle Settings to finish the process.

Report this User

Report this user for behavior that violates our Community Guidelines.

Details: